Roark's Formulas for stress and strain, 7/e (Record no. 268024)

000 -LEADER
fixed length control field 00356 a2200145 4500
001 - CONTROL NUMBER
control field 32951
082 ## - DEWEY DECIMAL CLASSIFICATION NUMBER
Classification number 531.381 YOU
090 ## - LOCALLY ASSIGNED LC-TYPE CALL NUMBER (OCLC); LOCAL CALL NUMBER (RLIN)
-- 22107
-- 22107
100 ## - MAIN ENTRY--PERSONAL NAME
Personal name Young,W.C
245 ## - TITLE STATEMENT
Title Roark's Formulas for stress and strain, 7/e
250 ## - EDITION STATEMENT
Edition statement 7
260 ## - PUBLICATION, DISTRIBUTION, ETC.
Place of publication, distribution, etc. Boston
Name of publisher, distributor, etc. McGraw-Hill
Date of publication, distribution, etc. 2002
300 ## - PHYSICAL DESCRIPTION
Extent xii, 852 p.
650 ## - SUBJECT ADDED ENTRY--TOPICAL TERM
Topical term or geographic name entry element stress and strain-formulas
942 ## - ADDED ENTRY ELEMENTS (KOHA)
Institution code [OBSOLETE] NUST-CAE
Call number prefix 531.381 YOU
Holdings
Withdrawn status Lost status Damaged status Not for loan Collection code Permanent Location Current Location Date acquired Total Checkouts Full call number Barcode Date last seen Price effective from Koha item type
          College of Aeronautical Engineering (CAE) College of Aeronautical Engineering (CAE) 04/03/2017   531.381 YOU CAEN-2317 04/05/2017 04/05/2017 Book
© 2023 Central Library, National University of Sciences and Technology. All Rights Reserved.